[Event "AUTO-BEG-259"]
[Site "http://www.queenalice.com/game.php?id=482202"]
[Date "2008.10.24"]
[Round "1"]
[White "Vinthi"]
[Black "shimon"]
[Result "0-1"]
[WhiteElo "1100"]
[BlackElo "1070"]

1. e4 e6 2. Nc3 Bb4 3. a3 Bxc3 4. dxc3 d5 5. exd5 Qxd5 6. Qg4 g6 7. Bc4 Qe5+ 8.
Ne2 Nf6 9. Qf4 Qxf4 10. Bxf4 c6 11. Be5 Nbd7 12. O-O Nxe5 13. Bb3 O-O 14. Rad1
b5 15. h3 Ba6 16. f4 Nc4 17. Bxc4 bxc4 18. Nd4 c5 19. Nc6 Nd5 20. g4 f5 21. b3
cxb3 22. Rf2 Nxc3 23. Ne7+ Kg7 24. Rd7 Rf7 25. cxb3 Ne4 26. Rc2 fxg4 27. hxg4
Re8 28. Rxa7 Rexe7 29. Rxa6 Rxf4 30. Rg2 Ref7 31. Rxe6 Ng5 32. Rc6 Rf1+ 33. Kh2
Nf3+ 34. Kg3 h5 35. Rf2 h4+ 36. Kg2 Rg1+ 37. Kh3 Rg3# 0-1

[Event "AUTO-BEG-259"]
[Site "http://www.queenalice.com/game.php?id=482203"]
[Date "2008.10.24"]
[Round "1"]
[White "shimon"]
[Black "Vinthi"]
[Result "0-1"]
[WhiteElo "1142"]
[BlackElo "993"]

1. e4 e5 2. h3 Nf6 3. d3 d5 4. exd5 Nxd5 5. c4 Nb6 6. Qh5 Nc6 7. Nf3 g6 8. Qg5
Be7 9. Qe3 f6 10. Qh6 Bf5 11. Qg7 Kd7 12. g4 Be6 13. Qh6 Nd4 14. Nxd4 exd4 15.
Qd2 h5 16. Bg2 c6 17. f3 hxg4 18. fxg4 Qc7 19. Qf4 g5 20. Qxc7+ Kxc7 21. Bd2 Na4
22. Kd1 Nxb2+ 23. Kc2 Na4 24. Re1 Kd7 25. Kb3 Nc5+ 26. Kc2 f5 27. gxf5 Bxf5 28.
Re5 Bxd3+ 29. Kd1 Bxc4 30. Na3 Bb5 31. Nxb5 cxb5 32. Rd5+ Ke6 33. Rb1 Rad8 34.
Rxd8 Bxd8 35. Rxb5 Be7 36. Bb4 b6 37. Be1 Nd3 38. Bd2 Nf2+ 39. Ke2 Nxh3 40. Bd5+
Ke5 41. Bb3+ Bc5 42. Bc2 Nf4+ 43. Bxf4+ gxf4 44. Rb1 a5 45. Bd3 Rh2+ 46. Kf3
Rxa2 47. Re1+ Kd5 48. Kxf4 Ra3 49. Re5+ Kd6 50. Ke4 Rxd3 51. Kxd3 Kxe5 52. Kd2
a4 53. Kc2 a3 54. Kb1 d3 55. Ka1 d2 56. Kb1 d1=Q+ 57. Ka2 Qc2+ 58. Ka1 Qb2# 0-1

[Event "Challenge"]
[Site "http://www.queenalice.com/game.php?id=484413"]
[Date "2008.10.28"]
[Round "-"]
[White "Vinthi"]
[Black "coyote78"]
[Result "0-1"]
[WhiteElo "1286"]
[BlackElo "1800"]

1. e4 e5 2. Nc3 Nf6 3. Nf3 Nc6 4. d4 Bb4 5. Bd2 exd4 6. Nd5 Nxd5 7. exd5 Qe7+ 8.
Qe2 Qxe2+ 9. Bxe2 Bxd2+ 10. Nxd2 Nb4 11. Bd3 Nxd3+ 12. cxd3 O-O 13. Nf3 Re8+ 14.
Kd2 c5 15. dxc6 dxc6 16. Rae1 Bd7 17. Nxd4 c5 18. Nb3 b6 19. d4 cxd4 20. Nxd4
Rad8 21. Rxe8+ Rxe8 22. Re1 Rd8 23. Kc3 f6 24. Ne6 Re8 25. Kb4 Rxe6 26. Rxe6
Bxe6 27. Kb5 Bxa2 28. Ka6 Bc4+ 29. Kxa7 b5 30. Kb6 Kf7 31. Kc5 Ke6 32. Kd4 Kf5
33. Kc3 Ke4 34. Kd2 Kd4 35. Kc2 Bf1 36. g3 Ke4 37. Kd2 Kf3 38. Ke1 Kg2 39. h4 g5
40. hxg5 fxg5 41. f4 gxf4 42. gxf4 Bc4 43. f5 Kf3 44. f6 Kf4 45. Kd2 Kf5 46. Kc3
Kxf6 47. b3 Bf1 48. Kb4 h5 49. Ka5 h4 50. b4 h3 51. Kb6 h2 52. Ka5 h1=Q 53. Kb6
Qg1+ 54. Kc6 Qd4 55. Kc7 Ke6 56. Kc6 Qd5+ 57. Kb6 Kd6 58. Ka6 Qa8+ 59. Kb6 Qa4
60. Kb7 Qxb4 61. Kb6 Qc5+ 62. Kb7 Qc6+ 63. Ka7 Qc7+ 0-1

[Event "Challenge"]
[Site "http://www.queenalice.com/game.php?id=496573"]
[Date "2008.11.21"]
[Round "-"]
[White "sebastiam"]
[Black "Vinthi"]
[Result "0-1"]
[WhiteElo "1553"]
[BlackElo "1150"]

1. e3 e5 2. Nf3 Nc6 3. d4 d6 4. dxe5 Nxe5 5. e4 Nxf3+ 6. gxf3 Nf6 7. Bg5 d5 8.
Bb5+ c6 9. Bf1 Be6 10. exd5 Bxd5 11. Qe2+ Qe7 12. Qxe7+ Bxe7 13. Nc3 Bb4 14.
O-O-O Bxf3 15. Re1+ Kd8 16. Rg1 Bc5 17. Rd1+ Bxd1 18. Nxd1 Re8 19. Bc4 Ke7 20.
Nc3 Bxf2 21. Rf1 Bd4 22. Re1+ Kf8 23. Rd1 c5 24. Nb5 Ng4 25. Nc7 Ne3 26. Rd3
Nxc4 27. Nxa8 Rxa8 28. Rb3 Re8 29. c3 Be3+ 30. Bxe3 Nxe3 31. Rxb7 Re7 32. Kd2
Nf1+ 33. Kd3 Rxb7 34. b4 cxb4 35. Kc4 Nd2+ 36. Kd3 Rd7+ 37. Kc2 bxc3 38. Kxc3 f5
39. a4 f4 40. h4 f3 41. h5 f2 42. Kb4 f1=Q 43. a5 Qc4+ 44. Ka3 Rd3+ 45. Kb2 Rb3+
46. Ka1 Qa4# 0-1

[Event "Let's Play Chess!"]
[Site "http://www.queenalice.com/game.php?id=517518"]
[Date "2009.1.8"]
[Round "-"]
[White "dida"]
[Black "Vinthi"]
[Result "0-1"]
[WhiteElo "1261"]
[BlackElo "1396"]

1. e4 e5 2. Bc4 Nf6 3. Qf3 Nc6 4. c3 d6 5. h3 Be6 6. Bxe6 fxe6 7. d3 d5 8. Bg5
h6 9. Bxf6 gxf6 10. Nd2 Rg8 11. g4 d4 12. Ne2 Bd6 13. cxd4 exd4 14. a3 e5 15. b4
a5 16. b5 Na7 17. a4 Bb4 18. Qf5 Rg5 19. Qe6+ Qe7 20. Qxe7+ Kxe7 21. O-O Bxd2
22. Ng3 Kf7 23. Nf5 Rh8 24. f3 Nc8 25. Ra2 Be3+ 26. Kh2 h5 27. Nxe3 dxe3 28. Re1
c6 29. Rxe3 cxb5 30. axb5 hxg4 31. fxg4 Rxg4 32. Rxa5 Rf4 33. Kg3 Rg8+ 34. Kh2
Rf2+ 35. Kh1 Rgg2 36. Ra1 b6 37. Rae1 Rb2 38. Rf3 Rg6 39. h4 Rh6 40. Rh3 Nd6 41.
Rc1 Nxb5 42. h5 Nd4 43. Rc7+ Ke6 0-1

[Event "Let's Play Chess!"]
[Site "http://www.queenalice.com/game.php?id=530113"]
[Date "2009.1.27"]
[Round "-"]
[White "Vinthi"]
[Black "erikmartinelli"]
[Result "1-0"]
[WhiteElo "1194"]
[BlackElo "1531"]

1. e4 e5 2. Nf3 Nc6 3. Bc4 Nf6 4. d3 Ng4 5. Ng5 Qf6 6. f3 Nf2 7. Kxf2 Nd4 8.
Bxf7+ Kd8 9. Bc4 Bc5 10. Be3 b6 11. Nf7+ Ke8 12. Nxh8 Qh4+ 13. g3 Qf6 14. Nc3
Bb7 15. Bd5 Bxd5 16. Nxd5 Qc6 17. f4 exf4 18. gxf4 Qh6 19. Nxc7+ Kf8 20. Nxa8
Qh4+ 21. Kg2 Nxc2 22. Bxc5+ bxc5 23. Qxc2 Qg4+ 24. Kf1 Qxf4+ 25. Ke1 Qe3+ 26.
Qe2 Qg5 27. Rf1+ Ke8 28. Qf3 Qe7 29. Nc7+ Kd8 30. Nd5 Qh4+ 31. Rf2 g5 32. Qf8#
1-0

[Event "Let's Play Chess!"]
[Site "http://www.queenalice.com/game.php?id=530369"]
[Date "2009.1.27"]
[Round "-"]
[White "QueenFanny"]
[Black "Vinthi"]
[Result "1-0"]
[WhiteElo "1840"]
[BlackElo "1194"]

1. e4 e5 2. Nf3 Nc6 3. Bc4 Nf6 4. Ng5 d5 5. exd5 Nxd5 6. Nxf7 Kxf7 7. Qf3+ Ke6
8. Nc3 Nb4 9. Qe4 c6 10. a3 Na6 11. d4 b5 12. Qxe5+ Kf7 13. Bg5 Bd6 14. Bxd5+
Kf8 15. Bxd8 Bxe5 16. Bxc6 Rb8 17. dxe5 Bb7 18. Bxb7 Rxb7 19. O-O-O Kf7 20. Rhe1
Rb6 21. Bxb6 1-0

[Event "Let's Play Chess!"]
[Site "http://www.queenalice.com/game.php?id=539999"]
[Date "2009.2.14"]
[Round "-"]
[White "Kike"]
[Black "Vinthi"]
[Result "0-1"]
[WhiteElo "1096"]
[BlackElo "1286"]

1. d4 e6 2. e3 Nc6 3. Nc3 Bb4 4. Bd2 d5 5. Nf3 Nf6 6. Bd3 Ne4 7. Qe2 O-O 8.
O-O-O Bxc3 9. bxc3 Na5 10. c4 Nxc4 11. Bxc4 dxc4 12. Qxc4 Nxf2 13. Rdf1 Nxh1 14.
Rxh1 a5 15. Rf1 b6 16. e4 Ba6 17. Qc6 Bxf1 18. g3 Bg2 19. Bg5 f6 20. Ne1 fxg5
21. Nxg2 Qxd4 22. Qxe6+ Kh8 23. h3 Rf1+ 24. Ne1 Rxe1# 0-1

[Event "Let's Play Chess!"]
[Site "http://www.queenalice.com/game.php?id=541520"]
[Date "2009.2.16"]
[Round "-"]
[White "Vinthi"]
[Black "achilles_ferrucci"]
[Result "1-0"]
[WhiteElo "1357"]
[BlackElo "1388"]

1. e4 e5 2. Nf3 Nc6 3. Bb5 a6 4. Bxc6 dxc6 5. Nxe5 Qd4 6. Nf3 Qxe4+ 7. Qe2 Qxe2+
8. Kxe2 f6 9. Re1 Bd7 10. Kf1+ Ne7 11. d4 O-O-O 12. c4 Ng6 13. Nc3 Be7 14. d5
cxd5 15. Nxd5 Bc5 16. b4 1-0

[Event "Let's Play Chess!"]
[Site "http://www.queenalice.com/game.php?id=547580"]
[Date "2009.2.27"]
[Round "-"]
[White "Vinthi"]
[Black "nelson_cxc"]
[Result "0-1"]
[WhiteElo "1474"]
[BlackElo "1864"]

1. e4 e6 2. Nf3 Ne7 3. Nc3 b6 4. Bc4 Bb7 5. d3 d5 6. exd5 exd5 7. Bb3 Nd7 8. Qe2
c6 9. O-O Qc7 10. Re1 O-O-O 11. Bg5 f6 12. Bh4 Nf5 13. a4 Bb4 14. Qe6 Nxh4 15.
Nxh4 Kb8 16. Nf3 Nc5 17. Qe7 Rd7 18. Qe3 Rhd8 19. d4 Bxc3 20. bxc3 Ne4 21. Nd2
f5 22. c4 Nxd2 23. Qxd2 dxc4 24. Bxc4 Rxd4 25. Qe2 Rd2 26. Qh5 Qf4 27. Re2 Qxc4
28. Rxd2 Rxd2 29. Qxf5 Qd4 30. h3 Qxa1+ 31. Kh2 Qd4 0-1

[Event "Let's Play Chess!"]
[Site "http://www.queenalice.com/game.php?id=547581"]
[Date "2009.2.27"]
[Round "-"]
[White "liquid"]
[Black "Vinthi"]
[Result "0-1"]
[WhiteElo "1544"]
[BlackElo "1324"]

1. e4 e5 2. Qf3 f6 3. Nc3 Bb4 4. Nd5 Nc6 5. c3 Bc5 6. b4 Bd6 7. Bc4 Nge7 8. Ne2
a5 9. b5 Nxd5 10. Bxd5 Na7 0-1

[Event "Let's Play Chess!"]
[Site "http://www.queenalice.com/game.php?id=547582"]
[Date "2009.2.27"]
[Round "-"]
[White "Vinthi"]
[Black "iliov2008"]
[Result "1-0"]
[WhiteElo "1422"]
[BlackElo "1444"]

1. e4 e6 2. Nf3 Bc5 3. d4 Bb4+ 4. c3 Ba5 5. e5 Nc6 6. b4 Bb6 7. Bd3 d6 8. Bb5
dxe5 9. Nxe5 Qd5 10. Qf3 f6 11. Qxd5 exd5 12. Nxc6 Bd7 13. Nxa7 Rxa7 14. Bxd7+
Kxd7 15. a4 Ne7 16. a5 Nf5 17. Bb2 Re8+ 18. Kd1 Nh4 19. axb6 Rxa1 20. Bxa1 cxb6
21. g3 Nf3 22. Nd2 Nxd2 23. Kxd2 g5 24. h4 g4 25. Kd3 Ra8 26. c4 dxc4+ 27. Kxc4
Rc8+ 28. Kb3 Kd6 29. Rd1 f5 30. Bb2 Rf8 31. d5 f4 32. b5 fxg3 33. Ba3+ Ke5 34.
Bxf8 gxf2 35. Bg7+ Kf4 36. d6 g3 37. d7 Ke3 38. d8=Q Ke2 39. Qd2+ Kf3 40. Qd5+
Ke2 41. Rd2+ Ke1 42. Qd3 f1=Q 43. Rd1+ Kf2 44. Qxf1+ Ke3 45. Qd3+ Kf2 46. Bd4+
Kg2 47. Qf1+ Kh2 48. Rd2+ g2 49. Qxg2# 1-0

[Event "Let's Play Chess!"]
[Site "http://www.queenalice.com/game.php?id=547583"]
[Date "2009.2.27"]
[Round "-"]
[White "allbishop"]
[Black "Vinthi"]
[Result "0-1"]
[WhiteElo "1650"]
[BlackElo "1407"]

1. e4 e5 2. f4 exf4 3. Nf3 g5 4. h4 Be7 5. Nxg5 Bxg5 6. hxg5 Qxg5 7. Qf3 Nf6 8.
d3 d6 9. Bxf4 Qg4 10. Qf2 Nc6 11. Nd2 Be6 12. Be2 Qg7 13. O-O-O Bxa2 14. b3 Nb4
15. Qd4 a5 0-1

[Event "Challenge"]
[Site "http://www.queenalice.com/game.php?id=547594"]
[Date "2009.2.27"]
[Round "-"]
[White "Vinthi"]
[Black "Martial"]
[Result "1-0"]
[WhiteElo "1458"]
[BlackElo "1460"]

1. e4 e5 2. Nf3 Nc6 3. Bb5 Bd6 4. Nc3 a6 5. Bc4 Nf6 6. d3 O-O 7. Bg5 h6 8. Bxf6
Qxf6 9. Nd5 Qg6 10. O-O Nd4 11. Nxd4 exd4 12. e5 Bc5 13. b4 Bb6 14. Ne7+ Kh8 15.
Nxg6+ fxg6 16. Qg4 g5 17. a4 a5 18. Qe4 axb4 19. a5 Bxa5 20. Qxd4 Bb6 21. Qe4
Rxa1 22. Rxa1 Bxf2+ 23. Kh1 d6 24. d4 Rf4 25. Qe2 Bxd4 26. Ra8 Rf8 27. Qe4 Bf5
28. Rxf8+ Kh7 29. Rxf5 g6 30. Rf7+ Kg8 31. Qxg6+ Kh8 32. Rh7# 1-0

[Event "Challenge"]
[Site "http://www.queenalice.com/game.php?id=547595"]
[Date "2009.2.27"]
[Round "-"]
[White "Vinthi"]
[Black "wind39"]
[Result "1-0"]
[WhiteElo "1439"]
[BlackElo "1514"]

1. e4 e6 2. Nf3 d5 3. exd5 exd5 4. d4 Bg4 5. Nc3 Nc6 6. Bb5 a6 7. Bxc6+ bxc6 8.
h3 Bf5 9. O-O Qd6 10. Ng5 Qe7 11. Re1 Be6 12. Nxe6 fxe6 13. Qg4 O-O-O 14. Bg5
Nf6 15. Bxf6 Qxf6 16. Rxe6 h5 17. Rxf6+ hxg4 18. Rxc6 Rd6 19. Rxd6 Bxd6 20. hxg4
Bh2+ 21. Kf1 Bf4 22. Ke2 Rh2 23. Nxd5 Bg5 24. Rg1 c6 25. Ne3 Bxe3 26. Kxe3 Rh6
27. f3 Re6+ 28. Kf2 c5 29. dxc5 Rc6 30. b4 a5 31. c3 axb4 32. cxb4 Ra6 33. Ra1
Rh6 34. b5 g5 35. c6 Rd6 36. a4 Rd2+ 37. Kg3 Rd4 38. b6 1-0

[Event "Challenge"]
[Site "http://www.queenalice.com/game.php?id=547597"]
[Date "2009.2.27"]
[Round "-"]
[White "JAmaro"]
[Black "Vinthi"]
[Result "1-0"]
[WhiteElo "1543"]
[BlackElo "1434"]

1. d4 e6 2. e4 d5 3. exd5 Qxd5 4. Nc3 Bb4 5. Qd2 Nc6 6. Nf3 Bxc3 7. Qxc3 Nf6 8.
Bd3 O-O 9. Bg5 Ne4 10. Bxe4 Qxe4+ 11. Be3 Bd7 12. O-O-O a5 13. Nd2 Qxg2 14. Rhg1
Qxh2 15. d5 exd5 16. Qxg7# 1-0

[Event "coyote78"]
[Site "http://www.queenalice.com/game.php?id=559252"]
[Date "2009.3.21"]
[Round "1"]
[White "Vinthi"]
[Black "rom_banane"]
[Result "1-0"]
[WhiteElo "1463"]
[BlackElo "1911"]

1. e4 c5 2. Nf3 Nc6 3. Bb5 Nf6 4. Bxc6 bxc6 5. d3 d6 6. Nc3 Bg4 7. Bf4 e5 8. Bg5
Be7 9. Bxf6 Bxf6 10. h3 Bxf3 11. Qxf3 O-O 12. O-O Rb8 13. b3 Qa5 14. Na4 Rfd8
15. Nb2 Qc3 16. Nc4 d5 17. Ne3 c4 18. exd5 cxd3 19. dxc6 Rbc8 20. cxd3 Qxc6 21.
Qxc6 Rxc6 22. Rac1 Rxc1 23. Rxc1 Rxd3 24. Rc8+ Rd8 25. Rxd8+ Bxd8 26. Nc4 f6 27.
g3 Bc7 28. a4 Kf7 29. Na3 Ke6 30. Nb5 Bb6 31. b4 Kd5 32. a5 Bd4 33. a6 1-0

[Event "coyote78"]
[Site "http://www.queenalice.com/game.php?id=559255"]
[Date "2009.3.21"]
[Round "2"]
[White "merlin"]
[Black "Vinthi"]
[Result "1-0"]
[WhiteElo "1640"]
[BlackElo "1472"]

1. e4 e5 2. Bc4 Nf6 3. Nc3 Bb4 4. Nd5 Nxd5 5. Bxd5 c6 6. c3 Bc5 7. Bc4 Qh4 8. g3
Qxe4+ 9. Qe2 Qxe2+ 10. Bxe2 d5 11. Nf3 e4 12. Ne5 Nd7 13. Nxd7 Bxd7 14. d4 Bd6
15. f4 exf3 16. Bxf3 O-O 17. Kf2 Rae8 18. Be3 Re7 19. Rhe1 Rfe8 20. Re2 b6 21.
Rae1 Re6 22. Bg4 Rf6+ 23. Bf3 Bg4 24. Bf4 Rxe2+ 25. Bxe2 Bxf4 26. gxf4 Rxf4+ 27.
Kg3 Re4 28. Kf2 g6 29. Bxg4 Rxg4 30. Re8+ Kg7 31. h3 Re4 32. Rc8 Re6 33. a4 Rf6+
34. Kg3 g5 35. Rc7 a6 36. b4 c5 37. dxc5 bxc5 38. Rxc5 Rd6 39. b5 d4 40. cxd4
Rxd4 41. b6 Rb4 42. a5 h5 43. Rxg5+ Kh6 44. h4 f6 45. Rg8 Ra4 46. b7 Ra3+ 47.
Kf4 Ra4+ 48. Kf5 Rxa5+ 49. Kxf6 Rb5 50. b8=Q Rxb8 51. Rxb8 Kh7 52. Kg5 Kg7 53.
Kxh5 Kf6 54. Rb6+ Kf5 55. Rxa6 Kf4 56. Rg6 1-0